| 000 | 01169nam a2200253 a 4500 | ||
|---|---|---|---|
| 005 | 20180804042815.0 | ||
| 008 | 140206s2014 ck abd gr 00010 spa d | ||
| 020 | _a9789588363202 | ||
| 040 |
_aCO-BoIAVH _cCO-BoIAVH |
||
| 041 | 0 | _aspa | |
| 044 | _ack | ||
| 082 | 0 | 4 |
_a621.31 _bC71p |
| 110 | 2 |
_aColombia _bMinisterio de Minas y Energía |
|
| 245 | 1 | 0 |
_aPlan de expansión de referencia generación - generación - transmisión 2013-2027 / _cMinisterio de Minas y Energía, Unidad de Planeación Minero Energética. |
| 260 |
_aBogotá (Colombia) : _bMinisterio de Minas y Energía. UPME, _c2014?. |
||
| 300 |
_a380 páginas : _bilustraciones a color, mapas y gráficas ; _c28 x 22 cm. |
||
| 500 | _aIncluye anexos. | ||
| 650 | 2 | 6 |
_aSuministro de energía eléctrica _zColombia _y2013-2027 |
| 650 | 2 | 6 |
_aSuministro de energía eléctrica _xPlanificación _zColombia _y2013-2027 |
| 650 | 2 | 6 |
_aSuministro de energía eléctrica _xAspectos económicos _zColombia _y2013-2027 |
| 650 | 2 | 6 |
_aEnergía eléctrica _xPlanificación _zColombia _y2013-2027 |
| 650 | 2 | 6 |
_aGeneración de energía _zColombia _y2013-2027 |
| 942 |
_2ddc _cLIBRO |
||
| 999 |
_c19168 _d19168 |
||